00337pab a2200145 454500008004000000100001800040245002500058260000900083300000800092362001100100650002200111650002600133650001800159773001400177180718b2001 xxu||||| |||| 00| 0 eng d aSen, Satarupa aFreedom is the issue c2001 ap.6 a16 Nov aWomen in politics aWomen and development aWomens rights aStatesman